| 000 | 00562nam a2200205 4500 | ||
|---|---|---|---|
| 003 | OSt | ||
| 005 | 20260530115324.0 | ||
| 008 | 260521b ag ||||| |||| 00| 0 spa d | ||
| 040 |
_aICI _bspa _cici _erda |
||
| 050 | _aP935 C83 | ||
| 100 | _eautor | ||
| 245 |
_aCuaderno summa nueva visión: _bcomunicación |
||
| 264 |
_aBuenos Aires : _bSumma Nueva Visión |
||
| 300 |
_a65 paginas: _bilustraciones |
||
| 336 |
_2rdacontent _atexto |
||
| 337 |
_2rdamedia _asin medio |
||
| 338 |
_2rdacarrier _avolumen |
||
| 650 | _aComunicación visual | ||
| 942 |
_2lcc _n1 _cBK |
||
| 999 |
_c13907 _d13907 |
||